000 00409pab a2200145 454500
008 180718b2001 xxu||||| |||| 00| 0 eng d
100 _aSubramanian, Dilip
245 _aGovernment wage policies in public sector, 1947-1982: relative failure of dirigisme
260 _c2001
300 _ap.140-54
362 _a13 Jan
650 _aPublic sector
773 _aEconomic and Political Weekly
909 _a47456
999 _c47456
_d47456